Auswanderungen Slowenien - Statistiken

Allgemein
  • Dieses Quiz wurde 51 mal gespielt
  • Das Durchschnittsergebnis liegt bei 13 aus 15
Antwortstatistiken
Platz Land Anzahl % Korrekt
3. Deutschland 50.000
98%
11. Kroatien 10.517
98%
3. Österreich 50.000
98%
1. Vereinigte Staaten 237.550
98%
2. Italien 80.000
96%
5. Kanada 45.235
89%
12. Serbien 10.000
89%
9. Frankreich 20.000
87%
10. Schweiz 14.000
83%
8. Australien 22.500
81%
14. Bosnien und Herzegowina 5.000
81%
14. Vereinigtes Königreich 5.000
81%
6. Argentinien 30.000
72%
7. Brasilien 28.500
72%
13. Schweden 5.150
66%
Keine übereinstimmenden Quizze gefunden
Verteilung der Resultate
Anzahl Personen mit jedem Resultat
Perzentil nach korrekt beantworteten Fragen
Ihre Resultats-Entwicklung
Sie haben dieses Quiz noch nicht gespielt